000 00870nam a22002537a 4500
003 OSt
005 20260416115423.0
008 260416b |||||||| |||| 00| 0 eng d
037 _cThesis
040 _aFEDL
_beng
_cFEDL
041 _aeng
_heng
082 _a305.42 SAI/TH
100 _aSaini, Deepti
_91234947
110 _aUniversity of Delhi. Department of Education
245 _aConstruction of masculinities in school/
_cby Deepti Saini; Supervised by Nidhi Gulati and Co- Supervisor Anita Rampal and Poonam Batra.
260 _aUniversity of Delhi
_c2025
300 _a220p.
650 _aGENDER
700 _aGulati, Nidhi. Supervisor.
_91234948
700 _aRampal, Anita. Co- Supervisor.
_91234949
700 _aBatra, Poonam. Co- Supervisor.
_91234950
942 _2ddc
_cTH
_h305.42 SAI/TH
_n0
999 _c1848284
_d1848284